| 000 | 00597nam a2200157Ia 4500 | ||
|---|---|---|---|
| 008 | 140611s9999 xx 000 0 und d | ||
| 020 | _a9789710506026 | ||
| 050 |
_aQA 43 _b.Al385 2012 |
||
| 100 | _aAlfarez, Merle S. | ||
| 245 |
_aMSA 100 - chart techniques of adding and subtracting : _bfor analytical skills development, full understanding and creativity / _cMerle S Alfarez. |
||
| 260 |
_aQuezon City, Philippines : _bMSA Publishing House, _cc2012. |
||
| 300 |
_a83 p. : _bill. ; _c26 cm. |
||
| 650 |
_aMathematics _xAddition -- Subtraction |
||
| 650 |
_aMathematics _xReviewer |
||
| 999 |
_c118430 _d118430 |
||